000 00450pab a2200169 454500
008 180718b1999 xxu||||| |||| 00| 0 eng d
100 _aTambunan, Tulus
245 _aIndonesia's macroeconomic and trade performance and its global competitiveness
260 _c1999
300 _ap.102-19
362 _aApr
650 _aIndonesia - Commerce
650 _aMacroeconomics
650 _aTrade
773 _aAsian Economic Review
909 _a41460
999 _c41460
_d41460